New views of Mormon history : a collection of essays in honor of Leonard J. Arrington /

Bibliographic Details
Other Authors: Arrington, Leonard J., Bitton, Davis, 1930-2007, Beecher, Maureen Ursenbach
Format: Book
Language:English
Published: Salt Lake City : University of Utah Press, 1987.
Subjects:

MARC

Tag First Indicator Second Indicator Subfields
LEADER 00000cam a2200000 a 4500
001 in00000025746
005 20151007054446.0
008 870624s1987 utu b s01100 eng
010 |a  87018787  
020 |a 0874803047 :  |c $19.95 
035 |a (OCoLC)16276758 
035 |9 AAB5128AM 
040 |a DLC  |c DLC  |d TXA  |d UtOrBLW 
043 |a n-us--- 
049 |a TXAM  |c [A11502355] 
050 0 0 |a BX8611  |b .N44 1987 
082 0 |a 289.3/32/09  |2 19 
245 0 0 |a New views of Mormon history :  |b a collection of essays in honor of Leonard J. Arrington /  |c edited by Davis Bitton and Maureen Ursenbach Beecher. 
264 1 |a Salt Lake City :  |b University of Utah Press,  |c 1987. 
300 |a xvii, 480 pages ;  |c 24 cm. 
336 |a text  |b txt  |2 rdacontent 
337 |a unmediated  |b n  |2 rdamedia 
338 |a volume  |b nc  |2 rdacarrier 
504 |a "Leonard James Arrington, a bibliography": pages [439]-469. 
500 |a Includes index. 
610 2 0 |a Church of Jesus Christ of Latter-day Saints  |x History. 
650 0 |a Mormon Church  |x History. 
600 1 0 |a Arrington, Leonard J. 
700 1 |a Arrington, Leonard J. 
700 1 |a Bitton, Davis,  |d 1930-2007. 
700 1 |a Beecher, Maureen Ursenbach. 
999 |a MARS 
999 f f |s 28a83733-81a0-3090-86ee-9772f700cd84  |i c74e35c3-30de-3712-840b-a9d6b0a275f4  |t 0 
952 f f |p ric  |a Texas A&M University  |b Rellis Campus  |c Joint Library Facility  |d Remote Storage  |t 0  |e BX8611 .N44 1987  |h Library of Congress classification  |i unmediated -- volume  |m A14811502355 
998 f f |a BX8611 .N44 1987  |t 0  |l Remote Storage